[Event "Liege Soultanbeieff op"]
[Site "Liege"]
[Date "2012.04.13"]
[Round "9"]
[White "Arabia, Allan"]
[Black "Peruzzi, Albert"]
[Result "1-0"]
[WhiteElo "1494"]
[BlackElo "1719"]
[PlyCount "41"]
[EventDate "2012.01.27"]
[EventType "swiss"]
[EventRounds "9"]
[EventCountry "BEL"]
[SourceTitle "EXT 2013"]
[Source "ChessBase"]
[SourceDate "2012.11.22"]
[SourceVersion "1"]
[SourceVersionDate "2012.11.22"]
[SourceQuality "1"]

1. d4 Nf6 2. c4 c6 3. b3 d5 4. Bb2 Bf5 5. e3 e6 6. Nd2 Bb4 7. Ngf3 Bg4 8. Be2 Ne4 9. 0-0 Bxf3 10. Nxf3 Nd7 11. Rc1 0-0 12. Qc2 Rc8 13. Bd3 Ndf6 14. Ne5 Bd6 15. f3 Ng5 16. h4 Nxf3+ 17. Rxf3 Bxe5 18. dxe5 Ng4 19. Bxh7+ Kh8 20. Bd3 Nxe5 21. Bxe5 1-0